00689 2200241 4500001002100000005001500021035002000036245012400056100001200180250000600192300003700198700001800235260004400253082001000297084001600307020002200323650001700345990001700362990001700379990001700396990001700413990001700430INLIS00000000000052320181204103820 a0010-12180000091 aApotek Sekitar Kita :bBudidaya dan Manfaat Kecubung, Jengger Ayam, Kana, dan Ganyong /cKardono; Editor, Eko Praptanto0 aKardono a- aviii; 54 hlm. :bilus. ;c25 cm.0 aEko Praptanto aJakarta :bPT Armandelta Selaras,c2010 a581.6 a581.6 KAR a a978-979-050-079-2 aApotik Hidup a01866/P/2018 a01867/P/2018 a01868/P/2018 a01869/P/2018 a01870/P/2018